000 01778cam a2200253 a 4500
001 vtls002691960
003 MY-SjTCS
005 20200306154357.0
008 110218s1999 enk b 001 0 eng
020 _a0198782381 (pbk.)
039 9 _a201907251212
_bshuhada
_c201102181306
_dVLOAD
_y200407271950
_zVLOAD
082 0 4 _a909.825
_bLUN
100 1 _aLundestad, Geir,
_d1945-
_9210971
245 1 0 _aEast, West, North, South :
_bmajor developments in international politics since 1945 /
_cGeir Lundestad ; translated from the Norwegian by Gail Adams Kvam.
250 _a4th ed.
260 _aOxford :
_bOxford University Press,
_c1999.
300 _axiii, 362 p. ;
_c23 cm.
500 _a"While the first three editions were originally written in Norwegian and then translated into English, this fourth edition is presented first in English." - Preface to the Fourth Edition.
504 _aIncludes bibliographical references and index.
505 0 _aFrom the Preface to the First Edition. - Preface to the Fourth Edition. - 1. The World in 1945-1950. - 2. The Cold War in Europe, 1945-1949. - 3. The Cold War Becomes Global, 1945-1962. - 4. Detente between East and West, 1962-1975. - 5. Renewed Tension between East and West, 1975-1984. - 6. The End of the Cold War, 1984-1990. - 7. Major Powers and Local Conflicts after the Cold War, 1990-1996. - 8. The Arms Race, 1945-1996. - 9. Developments within the Western Bloc, 1945-1996. - 10. The Soviet Union / Russia and the (formely) Communist Countries, 1945-1998. - 11. Decolonization. - 12. Economic Relations between North and South, 1945-1996. - Bibliography. - Index.
650 0 _aWorld politics
_y1945-
_9210972
700 1 _aKvam, Gail Adams.
_9210973
920 _aMCS(USM) : 201374, 201375
999 _c27976